Constituciones / (Record n. 32179)

Dettagli MARC
000 -LEADER
fixed length control field 00656nam a2200205 i 4500
003 - CONTROL NUMBER IDENTIFIER
control field IT-RoINE
005 - DATE AND TIME OF LATEST TRANSACTION
control field 20191004101016.0
008 - FIXED-LENGTH DATA ELEMENTS--GENERAL INFORMATION
fixed length control field 191004s1983 sp |||||r|||| 001 | spa d
110 2# - MAIN ENTRY--CORPORATE NAME
9 (RLIN) 26399
Corporate name or jurisdiction name as entry element Carmelitas de la Caridad
245 10 - TITLE STATEMENT
Title Constituciones /
Statement of responsibility, etc Hermanas Carmelitas de la Caridad de Vedruna.
260 ## - PUBLICATION, DISTRIBUTION, ETC. (IMPRINT)
Place of publication, distribution, etc Vitoria-Gasteiz,
Name of publisher, distributor, etc Editorial Vedruna,
Date of publication, distribution, etc 1983.
300 ## - PHYSICAL DESCRIPTION
Extent 135 p. ;
Dimensions 18 cm.
336 ## - CONTENT TYPE
Source rdacontent
Content type term text
337 ## - MEDIA TYPE
Source rdamedia
Media type term unmediated
338 ## - CARRIER TYPE
Source rdacarrier
Carrier type term volume
500 ## - GENERAL NOTE
General note Incluye índices.
610 24 - SUBJECT ADDED ENTRY--CORPORATE NAME
Corporate name or jurisdiction name as entry element Carmelitas de la Caridad
General subdivision Reglas
9 (RLIN) 63118
650 #4 - SUBJECT ADDED ENTRY--TOPICAL TERM
9 (RLIN) 8293
Topical term or geographic name as entry element Monacato y órdenes religiosas
General subdivision Reglas
942 ## - ADDED ENTRY ELEMENTS (KOHA)
Item type Monografías
Dati di copia
Withdrawn status Lost status Damaged status Not for loan Home library Current library Date acquired Total Checkouts Full call number Barcode Date last seen Price effective from Koha item type
        Iglesia Nacional Española en Roma Iglesia Nacional Española en Roma 04/10/2019   FUE.HIS.ECL 79 58880 04/10/2019 04/10/2019 Monografías